Taylor Swift songs starting with N - Statistics

General Stats
  • This quiz has been taken 67 times
  • The average score is 4 of 6
Answer Stats
Answer % Correct
Nothing New
82%
Never Grow Up
76%
New Romantics
74%
no body, no crime
72%
New Years Day
70%
Now That We Don't Talk
56%
No matching quizzes found
Score Distribution
Percent of People with Each Score
Percentile by Number Answered
Your Score History
You have not taken this quiz